[Event "Memorial M.Chigorin (open)"]
[Site "masterchessopen.com St. Petersburg (Russia)"]
[Round "3"]
[White "Chuiko Alexander (RUS)"]
[Black "Zangiev Pavel (RUS)"]
[Result "0-1"]
[WhiteElo "2413"]
[BlackElo "2290"]

1.e4 c5 2.Nf3 d6 3.d4 cxd4 4.Nxd4 Nf6 5.Nc3 Nc6 6.Bg5 e6 7.Qd2 Be7 8.O-O-O O-O
9.f4 Nxd4 10.Qxd4 Qa5 11.Bc4 b5 12.Bxb5 Rb8 13.e5 dxe5 14.fxe5 Rxb5 15.exf6
Rb4 16.Qe3 Bc5 17.Qe5 Rxb2 18.fxg7 Re8 19.Rd5 Qa3 20.Kd1 f6 21.Bxf6 Bb4 22.Rd3
Ba6 23.Be7 Bc4 24.Rf1 Bxe7 25.Qf4 e5 26.Qxc4+ Kxg7 27.Rg3+ Kh8 28.Qe6 Qc5
29.Rf7 Rd8+ 30.Rd3 Rxd3+ 31.cxd3 Qg1+ {#R} 0-1

[Event "It (cat.5)"]
[Site "masterchessopen.com Vukovar (Croatia)"]
[Round "5"]
[White "Macanga Branko (CRO)"]
[Black "Szuhanek Ranko (ROM)"]
[Result "0-1"]
[WhiteElo "2274"]
[BlackElo "2450"]

1.e4 c5 2.Nf3 d6 3.d4 cxd4 4.Nxd4 Nf6 5.Nc3 Nc6 6.Bg5 e6 7.Qd2 Be7 8.O-O-O
Nxd4 9.Qxd4 O-O 10.f4 Qa5 11.Bc4 Bd7 12.e5 dxe5 13.fxe5 Bc6 14.Bh4 Rad8 15.Qf4
Nh5 16.Qg4 Bxh4 17.Qxh4 Rxd1+ 18.Rxd1 Qxe5 19.Rd8 Qf4+ 20.Qxf4 Nxf4 21.Rxf8+
Kxf8 22.g3 Ng6 23.Kd2 h5 24.a4 h4 25.gxh4 Nxh4 26.Ke3 g5 27.a5 g4 28.Be2 f5
29.b4 e5 30.b5 f4+ 31.Kf2 Bf3 32.a6 bxa6 33.bxa6 Bxe2 34.Nxe2 Ke7 35.Nc3 Ke6
36.Nb5 e4 37.Nxa7 e3+ 38.Ke2 Ng2 39.Nc6 f3+ 40.Kd3 e2 41.a7 e1=Q 42.a8=Q Nf4+
43.Kc4 Qe2+ 44.Kb4 Nd5+ {#R} 0-1

[Event "It (cat.10)"]
[Site "masterchessopen.com Wijk aan Zee (Netherlands)"]
[Round "5"]
[White "Nijboer Friso (NED)"]
[Black "Van Der Weide Karel (BEL)"]
[Result "1-0"]
[WhiteElo "2565"]
[BlackElo "2457"]

1.e4 c5 2.Nf3 Nc6 3.d4 cxd4 4.Nxd4 Nf6 5.Nc3 d6 6.Bg5 e6 7.Qd2 Be7 8.O-O-O O-O
9.f4 Nxd4 10.Qxd4 Qa5 11.Bc4 Bd7 12.e5 dxe5 13.fxe5 Bc6 14.Bd2 Nd7 15.Nd5 Qd8
16.Nxe7+ Qxe7 17.Rhe1 Rfd8 18.Qg4 Nf8 19.Bd3 Rd5 20.Bb4 Qc7 21.Bd6 Qa5 22.Kb1
Ng6 23.Qg3 Qa4 24.c4 Rd4 25.Bc5 Rd7 26.Bd6 b5 27.b3 Qa5 28.c5 Qb4 29.Qe3 Re8
30.Bc2 Qf4 31.Bxg6 Qxe3 32.Bxh7+ Kxh7 33.Rxe3 Bxg2 34.Rg1 Bc6 35.Rh3+ Kg8
36.Rg4 Red8 37.Kc2 a5 38.Kd2 Ra8 39.Ke3 b4 40.Kf4 a4 41.Kg5 axb3 42.Rgh4 f6+
43.Kg6 Be4+ 44.Rxe4 Rxa2 45.Rxb4 Rg2+ 46.Rg3 Rxh2 47.Rb8+ {#r} 1-0

[Event "It (young masters) (cat.9)"]
[Site "masterchessopen.com Zug (Switzerland)"]
[Round "6"]
[White "Jenni Florian (SUI)"]
[Black "Lopez Martinez Josep Manuel (ESP)"]
[Result "1-0"]
[WhiteElo "2487"]
[BlackElo "2474"]

1.e4 c5 2.Nf3 d6 3.d4 cxd4 4.Nxd4 Nf6 5.Nc3 Nc6 6.Bg5 e6 7.Qd2 Be7 8.O-O-O
Nxd4 9.Qxd4 O-O 10.f4 Qa5 11.Kb1 Rd8 12.Qe3 Bd7 13.Bd3 Bc6 14.h4 Qc7 15.f5 d5
16.exd5 Bxd5 17.Nxd5 Nxd5 18.Qf3 e5 19.g4 f6 20.Bc1 Kh8 21.Be4 Nb6 22.g5 Nc4
23.g6 h6 24.Rxd8+ Rxd8 25.Rd1 Rxd1 26.Qxd1 Nd6 27.Qd3 Qc4 28.Qxc4 Nxc4 29.Bd5
Nd6 30.Be6 h5 31.c3 Ne4 32.Kc2 Bc5 33.b4 Bf2 34.Kd3 Nd6 35.Be3 Bxh4 36.Bc5 e4+
37.Ke3 Bg5+ 38.Kd4 Nb5+ 39.Kxe4 b6 40.Bg1 Nxc3+ 41.Kd3 Nb5 42.a4 Nc7 43.Bh2
{#r} 1-0

[Event "Match-Tournament"]
[Site "masterchessopen.com Leeuwarden (Netherlands)"]
[Date "2001.03.13"]
[Round "1"]
[White "Van Der Wiel John T H (NED)"]
[Black "Doggers Peter (NED)"]
[Result "1-0"]
[WhiteElo "2495"]
[BlackElo "2192"]

1.e4 c5 2.Nc3 Nc6 3.Nge2 Nf6 4.d4 cxd4 5.Nxd4 d6 6.Bg5 e6 7.Qd2 Be7 8.O-O-O
Nxd4 9.Qxd4 O-O 10.f4 Qa5 11.Bc4 Bd7 12.e5 dxe5 13.fxe5 Bc6 14.Bd2 Nd7 15.Nd5
Qc5 16.Nxe7+ Qxe7 17.Rhe1 Rfd8 18.Qg4 Nf8 19.Bd3 Rxd3 20.cxd3 Qc5+ 21.Kb1 Ng6
22.Bc3 Qf2 23.Re2 Qf4 24.Qg3 Rd8 25.Rf2 Qa4 26.b3 Qb5 27.Kb2 a5 28.h4 h5
29.Rxf7 Kxf7 30.Rf1+ Kg8 31.Qxg6 Qd5 32.Qf7+ Kh7 33.Qxh5+ Kg8 34.Qf7+ Kh7
35.Qh5+ Kg8 36.Qf7+ Kh7 37.Rf3 Rd7 38.Qh5+ Kg8 39.Qe8+ Kh7 40.Rf8 {#r} 1-0

[Event "It (open)"]
[Site "masterchessopen.com Tbilisi (Georgia)"]
[Date "2001.11.26"]
[Round "0"]
[White "Gagunashvili Merab (GEO)"]
[Black "Kashashvili Alexandre (GEO)"]
[Result "1-0"]
[WhiteElo "2480"]
[BlackElo "2323"]

1.e4 c5 2.Nf3 d6 3.d4 cxd4 4.Nxd4 Nf6 5.Nc3 Nc6 6.Bg5 e6 7.Qd2 Be7 8.O-O-O O-O
9.f4 Nxd4 10.Qxd4 Qa5 11.Bc4 Bd7 12.e5 dxe5 13.Qxe5 Qb4 14.Qe2 Bc6 15.a3 Qa5
16.Rhe1 Rab8 17.Nb5 h6 18.Bh4 Nd5 19.Bxe7 Nxe7 20.Nd6 Kh8 21.g4 b5 22.Qe5 Qb6
23.Bd3 Bf3 24.g5 Nc6 25.Nxf7+ Rxf7 26.Qxe6 Ne5 27.Qxe5 Bxd1 28.Qe4 g6 29.Qe5+
Kg8 30.Rxd1 Rd8 31.gxh6 Qd4 32.Qxb5 Qxf4+ 33.Kb1 Qxh6 34.Rg1 Rg7 35.Qc4+ Kh8
36.Rg4 g5 37.h4 Rdg8 38.Qd4 Qb6 39.Rxg5 Qh6 40.Qe5 {#r} 1-0

[Event "Oberliga NRW (2) 2001/02"]
[Site "masterchessopen.com Germany"]
[Date "2001.12.09"]
[Round "4"]
[White "Peschlow Patrick (GER)"]
[Black "Mellegers Joost (NED)"]
[Result "1-0"]
[WhiteElo "2171"]
[BlackElo "2264"]

1.e4 c5 2.Nf3 d6 3.d4 cxd4 4.Nxd4 Nf6 5.Nc3 Nc6 6.Bg5 e6 7.Qd2 Be7 8.O-O-O
Nxd4 9.Qxd4 O-O 10.f4 Qa5 11.Kb1 h6 12.h4 Rd8 13.Bd3 Kf8 14.Qe3 Bd7 15.e5 dxe5
16.fxe5 hxg5 17.hxg5 Ng8 18.Rdf1 Bb4 19.Qf4 Be8 20.Bg6 f5 21.Bxf5 exf5
22.Qxf5+ Ke7 23.Rh7 Rd7 24.Rxg7+ Kd8 25.Rxd7+ Bxd7 26.Rd1 Qc7 27.e6 Qc5 28.Qf7
Kc7 29.Qxd7+ Kb6 30.Na4+ Ka6 31.Nxc5+ Bxc5 {#r} 1-0

[Event "Cup European Club (w)"]
[Site "masterchessopen.com Antalya (Turkey)"]
[Round "4"]
[White "Gaponenko Inna (UKR)"]
[Black "Gvetadze Sopio (GEO)"]
[Result "1-0"]
[WhiteElo "2411"]
[BlackElo "2301"]

1.e4 c5 2.Nf3 Nc6 3.d4 cxd4 4.Nxd4 Nf6 5.Nc3 d6 6.Bg5 e6 7.Qd2 Be7 8.O-O-O O-O
9.f4 Nxd4 10.Qxd4 Qa5 11.Bc4 b5 12.Bxb5 Rb8 13.e5 dxe5 14.fxe5 Rxb5 15.exf6
Rb4 16.Qd2 gxf6 17.Bh6 Rd8 18.Qe3 f5 19.Rxd8+ Bxd8 20.Qg3+ Rg4 21.Qd6 Bg5+
22.Bxg5 Rxg5 23.Qe7 Rxg2 24.Qe8+ Kg7 25.Qxc8 Qe5 26.Nd1 Qe4 27.Qc3+ Kg6 28.Rf1
e5 29.Ne3 Rg5 30.Qc5 f4 31.Nd5 Kg7 32.Nxf4 h6 33.Ne6+ fxe6 34.Qe7+ Kh8 35.Rf8+
{#r} 1-0

[Event "It (open)"]
[Site "masterchessopen.com Baunatal (Germany)"]
[Round "4"]
[White "Deschner Reinhard (GER)"]
[Black "Ruetten Ingmar (GER)"]
[Result "1-0"]
[WhiteElo "2192"]
[BlackElo "2060"]

1.e4 c5 2.Nf3 d6 3.d4 cxd4 4.Nxd4 Nf6 5.Nc3 Nc6 6.Bg5 e6 7.Qd2 Be7 8.O-O-O
Nxd4 9.Qxd4 O-O 10.f4 Qa5 11.e5 dxe5 12.Qxe5 Qb6 13.Na4 {#r} 1-0

[Event "It (open)"]
[Site "masterchessopen.com Belgrade (Yugoslavia)"]
[Round "8"]
[White "Djukic Nikola (MNE)"]
[Black "Perunovic Milos (SRB)"]
[Result "0-1"]
[WhiteElo "2432"]
[BlackElo "2488"]

1.e4 c5 2.Nf3 Nc6 3.d4 cxd4 4.Nxd4 Nf6 5.Nc3 d6 6.Bg5 e6 7.Qd2 Be7 8.O-O-O
Nxd4 9.Qxd4 O-O 10.f4 Qa5 11.Bc4 Bd7 12.e5 dxe5 13.fxe5 Bc6 14.Bd2 Nd7 15.Nd5
Qd8 16.Nxe7+ Qxe7 17.Rhe1 Rfd8 18.Qg4 Nf8 19.Bd3 Rd5 20.h4 Ng6 21.Bg5 Qc5
22.Bxg6 hxg6 23.h5 gxh5 24.Qxh5 Rxd1+ 25.Qxd1 Rc8 26.Qd2 Qd5 27.Qxd5 Bxd5
28.g3 Bxa2 29.Kd2 Bd5 30.b3 Kh7 31.c4 Bc6 32.Kc3 Kg6 33.Be3 a6 34.Rf1 Rh8
35.Rf4 f5 36.g4 Rh3 37.Kd4 Rf3 38.gxf5+ exf5 39.Rh4 Kf7 40.Rf4 Rxf4+ 41.Bxf4
Kg6 42.e6 Kh5 43.Ke5 Kg4 44.b4 g5 45.Bd2 f4 46.e7 Kf3 47.Kf5 Ke2 {#R} 0-1

[Event "Olympiad"]
[Site "masterchessopen.com Bled (Slovenia)"]
[Round "11"]
[White "Rogers Ian (AUS)"]
[Black "Obodchuk Andrei (RUS)"]
[Result "1-0"]
[WhiteElo "2569"]
[BlackElo "2420"]

1.e4 c5 2.Nf3 Nc6 3.d4 cxd4 4.Nxd4 Nf6 5.Nc3 d6 6.Bg5 e6 7.Qd2 Be7 8.O-O-O
Nxd4 9.Qxd4 O-O 10.f4 Qa5 11.Bc4 h6 12.Bh4 e5 13.fxe5 dxe5 14.Qd3 Bg4 15.Bxf6
Bxf6 16.Rdf1 Bh4 17.Kb1 Qc5 18.Nd5 Rac8 19.Bb3 b5 20.h3 Be6 21.Rf3 a5 22.a3 a4
23.Ba2 Bxd5 24.Bxd5 b4 25.axb4 Qxb4 26.Rxf7 Rxf7 27.Bxf7+ Kh8 28.c3 Qb6 29.Rf1
Rb8 30.Qc2 Be7 31.Ka2 Qa6 32.Rf3 Rf8 33.Qf2 Qc8 34.Bd5 Rxf3 35.Qxf3 a3 36.b4
Bf6 37.Kxa3 Qa6+ 38.Kb2 g6 39.Qg4 Kh7 40.Qe6 Qxe6 41.Bxe6 Kg7 42.Kb3 Kf8 43.c4
Ke7 44.Bd5 Bh4 45.c5 Bf2 46.Kc4 Kd7 47.b5 {#r} 1-0

[Event "It (cat.7)"]
[Site "masterchessopen.com Budapest (Hungary)"]
[Round "4"]
[White "Seres Lajos (HUN)"]
[Black "Balogh Csaba (HUN)"]
[Result "0-1"]
[WhiteElo "2440"]
[BlackElo "2448"]

1.e4 c5 2.Nf3 d6 3.d4 cxd4 4.Nxd4 Nf6 5.Nc3 Nc6 6.Bg5 e6 7.Qd2 Be7 8.O-O-O
Nxd4 9.Qxd4 O-O 10.f4 Qa5 11.Bc4 Bd7 12.e5 dxe5 13.fxe5 Bc6 14.Bd2 Nd7 15.Nd5
Qd8 16.Nxe7+ Qxe7 17.Rhe1 Rfd8 18.Qg4 Nf8 19.Bd3 Rd5 20.Bb4 Qd8 21.Bd6 Ng6
22.Bxg6 hxg6 23.h4 Qb6 24.Qe2 Rc8 25.Kb1 Bb5 26.Qf3 Qc6 27.Qf2 Rxd1+ 28.Rxd1
Qe4 29.g3 Be2 30.Rc1 Rxc2 31.Qf4 Rxc1+ 32.Kxc1 Qh1+ 33.Kd2 Qd1+ 34.Ke3 Bb5
35.Qf2 Qd3+ 36.Kf4 f6 37.g4 Bc6 38.Bc7 g5+ 39.hxg5 fxe5+ {#R} 0-1

[Event "Tournament (Elo) (a)"]
[Site "masterchessopen.com Budapest (Hungary)"]
[Round "4"]
[White "Gelencser Jozsef (HUN)"]
[Black "Roth Josef (GER)"]
[Result "1-0"]
[WhiteElo "2118"]
[BlackElo "2147"]

1.e4 c5 2.Nf3 Nc6 3.d4 cxd4 4.Nxd4 Nf6 5.Nc3 d6 6.Bg5 e6 7.Qd2 Be7 8.f4 Nxd4
9.Qxd4 O-O 10.O-O-O Qa5 11.Kb1 Rd8 12.Bc4 Bd7 13.Rhf1 h6 14.Bh4 Rac8 15.Bb3
Qh5 16.Bg3 Bc6 17.f5 e5 18.Qd3 b5 19.h3 a6 20.a3 Rb8 21.Be1 Nxe4 22.g4 Nxc3+
23.Qxc3 {#r} 1-0

[Event "Tournament (Elo) (b)"]
[Site "masterchessopen.com Budapest (Hungary)"]
[Round "5"]
[White "Kraemer Martin (GER)"]
[Black "Szilardfy Gyula (HUN)"]
[Result "1-0"]
[WhiteElo "2173"]
[BlackElo "2082"]

1.e4 c5 2.Nf3 Nc6 3.d4 cxd4 4.Nxd4 Nf6 5.Nc3 d6 6.Bg5 e6 7.Qd2 Be7 8.O-O-O O-O
9.f4 Nxd4 10.Qxd4 Qa5 11.Bc4 h6 12.h4 e5 13.Qd3 exf4 14.Bxf4 Bg4 15.Rd2 Rac8
16.Bb3 Rc6 17.Qg3 Re8 18.Nd5 h5 19.Re1 Nxd5 20.Rxd5 Qd8 21.Bg5 a6 22.Qf4 Bxg5
23.Rxg5 Qe7 24.Rf1 Rc7 25.Bd5 Rec8 26.Rf2 Kh8 27.Bxf7 Rf8 28.Qxg4 Rxf7
29.Qxh5+ Kg8 30.Qxf7+ Qxf7 31.Rxf7 Rxf7 32.Rf5 {#r} 1-0

[Event "It (open)"]
[Site "masterchessopen.com Cappelle la Grande (France)"]
[Round "7"]
[White "Iordachescu Viorel (MDA)"]
[Black "Van Der Weide Karel (BEL)"]
[Result "1-0"]
[WhiteElo "2550"]
[BlackElo "2388"]

1.e4 c5 2.Nf3 Nc6 3.d4 cxd4 4.Nxd4 Nf6 5.Nc3 d6 6.Bg5 e6 7.Qd2 Be7 8.O-O-O O-O
9.f4 Nxd4 10.Qxd4 Qa5 11.Kb1 Rd8 12.Qd2 Bd7 13.Qe1 h6 14.Bh4 Qc5 15.Bd3 Bc6
16.Bf2 Qa5 17.Rg1 Qc7 18.g4 d5 19.e5 Ne4 20.Bd4 Bc5 21.Bxe4 Bxd4 22.Bh7+ Kxh7
23.Rxd4 Qb6 24.Qd2 Be8 25.f5 Rac8 26.Rg3 Rc4 27.Ne2 Rdc8 28.c3 Qa6 29.b3 Rxd4
30.Nxd4 Qf1+ 31.Kb2 a5 32.a4 b5 33.axb5 Bxb5 34.Rf3 Qh1 35.f6 g5 36.Rh3 a4
37.Nxb5 axb3 38.Qd3+ Qe4 39.Qxe4+ dxe4 40.Nd6 {#r} 1-0

[Event "Ch Netherlands (open)"]
[Site "masterchessopen.com Dieren (Netherlands)"]
[Round "3"]
[White "Kritz Leonid (GER)"]
[Black "Mellegers Joost (NED)"]
[Result "1-0"]
[WhiteElo "2484"]
[BlackElo "2282"]

1.e4 c5 2.Nf3 d6 3.d4 cxd4 4.Nxd4 Nf6 5.Nc3 Nc6 6.Bg5 e6 7.Qd2 Be7 8.O-O-O
Nxd4 9.Qxd4 O-O 10.f4 Qa5 11.Bc4 Bd7 12.e5 dxe5 13.fxe5 Bc6 14.Bd2 Nd7 15.Nd5
Qc5 16.Nxe7+ Qxe7 17.Rhe1 Rfd8 18.Bf1 Nf8 19.Qb4 Qc7 20.Bc3 Ng6 21.Rd6 Ne7
22.Qd4 Nf5 23.Rxd8+ Qxd8 24.Qf2 Qg5+ 25.Kb1 a6 26.b3 Rd8 27.g3 h5 28.Qb6 Bf3
29.h4 Qe7 30.Qf2 Bc6 31.Be2 g6 32.Bd3 Nh6 33.Qf4 Ng4 34.Bb4 Qc7 35.Bd6 Qb6
36.Rf1 Be8 37.Bxg6 fxg6 38.Qf8+ Kh7 39.Qe7+ Kh6 40.Rf8 {#r} 1-0

[Event "It (open)"]
[Site "masterchessopen.com Dubai (United Arab Emirates)"]
[Round "5"]
[White "Mamedov Rauf (AZE)"]
[Black "Sherbakov Ruslan (RUS)"]
[Result "0-1"]
[WhiteElo "2315"]
[BlackElo "2557"]

1.e4 c5 2.Nf3 Nc6 3.d4 cxd4 4.Nxd4 Nf6 5.Nc3 d6 6.Bg5 e6 7.Qd2 Be7 8.O-O-O O-O
9.f4 Nxd4 10.Qxd4 Qa5 11.Kb1 h6 12.h4 Rd8 13.Be2 Bd7 14.e5 dxe5 15.fxe5 Bc6
16.Qe3 Rxd1+ 17.Bxd1 hxg5 18.exf6 Bxf6 19.hxg5 Qxg5 20.Qh3 Qh6 21.Qxh6 gxh6
22.Ne2 Rd8 23.Rg1 Bg5 24.g3 Be3 25.Re1 Bf2 26.Rf1 Bg2 27.Rxf2 Rxd1+ 28.Nc1 Be4
29.b4 Rg1 30.Re2 Bf3 31.Re3 Rxg3 32.Nd3 h5 33.Ne5 Rg1+ 34.Kb2 Bg4 35.c4 Bf5
36.c5 h4 37.b5 h3 38.Nf3 {#R} 0-1

[Event "Ch France (team) (2) 2001/02"]
[Site "masterchessopen.com France"]
[Round "9"]
[White "Gachet Sebastien (FRA)"]
[Black "Gentilleau Jean-Philippe (MNC)"]
[Result "0-1"]
[WhiteElo "2195"]
[BlackElo "2262"]

1.e4 c5 2.Nf3 d6 3.d4 cxd4 4.Nxd4 Nf6 5.Nc3 Nc6 6.Bg5 e6 7.Qd2 Be7 8.O-O-O O-O
9.f4 Nxd4 10.Qxd4 Qa5 11.Be2 Bd7 12.e5 dxe5 13.fxe5 Bc6 14.Bd2 Nd7 15.Bf4 Bc5
16.Qd3 Bb4 17.Qg3 Bxc3 18.bxc3 Qxa2 19.Bh6 g6 20.Qf4 Nc5 21.Rd4 Rfd8 22.Bf3
Ba4 23.Bd1 Rac8 24.Rf1 Nb3+ {#R} 0-1

[Event "Oberliga East A 2001/02"]
[Site "masterchessopen.com Germany"]
[Round "9"]
[White "Fiedler Torsten (GER)"]
[Black "Degtiarev Evgeny (GER)"]
[Result "0-1"]
[WhiteElo "2286"]
[BlackElo "2232"]

1.e4 c5 2.Nf3 d6 3.d4 cxd4 4.Nxd4 Nf6 5.Nc3 Nc6 6.Bg5 e6 7.Qd2 Be7 8.O-O-O
Nxd4 9.Qxd4 O-O 10.f4 Qa5 11.Bc4 Bd7 12.e5 dxe5 13.fxe5 Bc6 14.Bxf6 gxf6
15.Qg4+ Kh8 16.Rhe1 fxe5 17.Qh5 Qc5 18.Bb3 e4 19.Qxc5 Bxc5 20.Nxe4 Be7 21.c4
Rad8 22.g3 Rxd1+ 23.Kxd1 Rd8+ 24.Kc2 Kg7 25.Nc3 Bg5 26.Rd1 Rxd1 27.Kxd1 f5
28.Bc2 h5 29.Ke2 Bf6 30.Nd1 Bd4 31.b4 Kf6 32.Nf2 e5 33.h4 Bg2 34.Ba4 e4 35.c5
Be5 36.b5 Bxg3 37.c6 bxc6 38.bxc6 Bc7 39.Bb3 Ke5 40.Bf7 Bf3+ 41.Kf1 e3 42.Nd3+
Kd4 43.Ne1 Bg4 44.Kg2 Kc3 45.Bd5 Kd2 46.Nf3+ Bxf3+ {#R} 0-1

[Event "Memorial J.Capablanca (a) (cat.13)"]
[Site "masterchessopen.com Habana (Cuba)"]
[Round "7"]
[White "Nataf Igor-Alexandre (FRA)"]
[Black "Stefansson Hannes (ISL)"]
[Result "1-0"]
[WhiteElo "2545"]
[BlackElo "2569"]

1.e4 c5 2.Nf3 d6 3.d4 cxd4 4.Nxd4 Nf6 5.Nc3 Nc6 6.Bg5 e6 7.Qd2 Be7 8.O-O-O
Nxd4 9.Qxd4 O-O 10.f4 Qa5 11.Kb1 Rd8 12.h4 h6 13.Bd3 e5 14.Qe3 exf4 15.Bxf4
Be6 16.Nd5 Nxd5 17.exd5 Bxd5 18.Qxe7 Qxa2+ 19.Kc1 Qa1+ 20.Kd2 Qa5+ 21.c3 Be6
22.h5 b5 23.Bxh6 gxh6 24.Rh3 Bxh3 25.gxh3 Qb6 26.Bh7+ Kh8 27.Qf6+ {#r} 1-0

[Event "Ch Sweden (team) 2002/03"]
[Site "masterchessopen.com Helsingborg (Sweden)"]
[Round "3"]
[White "Kulaots Kaido (EST)"]
[Black "Cicak Slavko (SWE)"]
[Result "0-1"]
[WhiteElo "2513"]
[BlackElo "2526"]

1.e4 c5 2.Nf3 d6 3.d4 cxd4 4.Nxd4 Nf6 5.Nc3 Nc6 6.Bg5 e6 7.Qd2 Be7 8.O-O-O
Nxd4 9.Qxd4 O-O 10.f4 Qa5 11.Kb1 h6 12.h4 Rd8 13.Be2 e5 14.Qd3 exf4 15.Bxf4
Be6 16.Nd5 Bxd5 17.exd5 Qa4 18.Bc1 Rac8 19.c4 b5 20.cxb5 Ne4 21.Rhf1 Bf6
22.Bd2 Rc5 23.Rf4 Rxb5 24.Bc1 Rb4 25.Rxf6 Nxf6 26.b3 Qe8 27.Bf3 Ng4 28.Qc3 a5
29.Re1 Qd7 30.Ba3 Rb5 31.Qd4 Ne5 32.Be2 Rbb8 33.Bb2 Rb4 34.Bc4 f6 35.Bc3 Rxc4
36.bxc4 Qa4 37.c5 Qb5+ 38.Ka1 dxc5 39.Qd2 Nd3 40.Rb1 Qc4 41.Bxa5 Rxd5 42.Qe3
Kh7 43.g3 Rd7 44.Rb3 Nc1 {#R} 0-1

[Event "Ch Croatia (team) (2nd league) (w)"]
[Site "masterchessopen.com Pula (Croatia)"]
[Round "0"]
[White "Lakos Nikoletta (HUN)"]
[Black "Zelic Marina (CRO)"]
[Result "1-0"]
[WhiteElo "2350"]
[BlackElo "2005"]

1.e4 c5 2.Nf3 Nc6 3.d4 cxd4 4.Nxd4 Nf6 5.Nc3 d6 6.Bg5 e6 7.Qd2 Be7 8.O-O-O
Nxd4 9.Qxd4 O-O 10.f4 Qa5 11.Bc4 Bd7 12.e5 dxe5 13.fxe5 Bc6 14.Bd2 Nd7 15.Nd5
Qd8 16.Nxe7+ Qxe7 17.Rhe1 Rfd8 18.Qg4 Nf8 19.Bd3 Qc5 20.Bb4 Qb6 21.Bd6 Rac8
22.Kb1 a5 23.h4 Bb5 24.c4 Bc6 25.h5 h6 26.Be7 Rxd3 27.Rxd3 Qf2 28.Red1 Re8
29.Bf6 g6 30.R3d2 Qb6 31.Qd4 Qxd4 32.Rxd4 Nh7 33.Bd8 g5 34.R1d2 Kg7 35.Bxa5 f6
36.Bc3 f5 37.b4 Re7 38.b5 Be8 39.a4 g4 40.Bb4 Rc7 41.a5 Ng5 42.Ra2 Ne4 43.a6
bxa6 44.Rxa6 Ng5 45.Ra8 Bd7 46.b6 Rb7 47.Rxd7+ {#r} 1-0

[Event "It (open)"]
[Site "masterchessopen.com Senden (Germany)"]
[Round "7"]
[White "Berelovich Aleksandar (GER)"]
[Black "Van Der Weide Karel (BEL)"]
[Result "1-0"]
[WhiteElo "2546"]
[BlackElo "2388"]

1.e4 c5 2.Nf3 Nc6 3.d4 cxd4 4.Nxd4 Nf6 5.Nc3 d6 6.Bg5 e6 7.Qd2 Be7 8.O-O-O O-O
9.f4 Nxd4 10.Qxd4 Qa5 11.e5 dxe5 12.Qxe5 Qxe5 13.fxe5 Nd5 14.Bxe7 Nxe7 15.Bb5
a6 16.Bd3 b5 17.Be4 Rb8 18.Rhe1 Ng6 19.Bxg6 hxg6 20.Ne4 Bb7 21.Nc5 Bxg2 22.Nd7
Bd5 23.Rd4 Rbc8 24.Nxf8 Kxf8 25.Kd2 f5 26.Rg1 Kf7 27.Rg3 Rc7 28.h4 Ra7 29.b3
Rc7 30.Rc3 Rb7 31.Ke3 a5 32.Kf4 a4 33.Rb4 axb3 34.cxb3 Ra7 35.a4 bxa4 36.bxa4
Be4 37.Rc8 Bd5 38.Kg5 {#r} 1-0

[Event "It (a)"]
[Site "masterchessopen.com Serpukhov (Russia)"]
[Round "3"]
[White "Kim Alexey (KOR)"]
[Black "Kovalev Andrei (BLR)"]
[Result "0-1"]
[WhiteElo "2413"]
[BlackElo "2539"]

1.e4 c5 2.Nf3 d6 3.d4 cxd4 4.Nxd4 Nf6 5.Nc3 Nc6 6.Bg5 e6 7.Qd2 Be7 8.O-O-O O-O
9.f4 Nxd4 10.Qxd4 Qa5 11.Be2 Bd7 12.h4 Bc6 13.Rh3 Rfd8 14.Rg3 Kf8 15.Rgd3 h6
16.Bxf6 Bxf6 17.Qe3 Bxh4 18.Rxd6 Rxd6 19.Rxd6 Be7 20.Rd3 b5 21.a3 b4 22.axb4
Bxb4 23.Qd4 Bb5 24.Rg3 Bxe2 25.Qxg7+ Ke7 26.e5 Rd8 27.Qf6+ Ke8 28.Rg8+ Bf8
29.Kb1 Bc4 30.f5 Qb6 31.b3 Bxb3 32.Kc1 Bc4 {#R} 0-1

[Event "It (open)"]
[Site "masterchessopen.com Slaviansk-na-Kubani (Russia)"]
[Round "0"]
[White "Lobzhanidze Nikoloz (GEO)"]
[Black "Fomichenko Eduard (RUS)"]
[Result "1-0"]
[WhiteElo "2054"]
[BlackElo "2419"]

1.e4 c5 2.Nf3 Nc6 3.d4 cxd4 4.Nxd4 Nf6 5.Nc3 d6 6.Bg5 e6 7.Qd2 Be7 8.O-O-O O-O
9.f4 Nxd4 10.Qxd4 Qa5 11.e5 dxe5 12.fxe5 Rd8 13.Qh4 Rxd1+ 14.Kxd1 Qxe5 15.Bd3
h6 16.Bxf6 Bxf6 17.Qa4 Be7 18.Qe8+ Bf8 19.Rf1 Qc7 20.Rxf7 Qc5 21.Rxf8+ Qxf8
22.Bh7+ Kxh7 23.Qxf8 {#r} 1-0

[Event "Ch St. Petersburg"]
[Site "masterchessopen.com St. Petersburg (Russia)"]
[Round "7"]
[White "Yemelin Vasily (RUS)"]
[Black "Smirnov Artem (RUS)"]
[Result "1-0"]
[WhiteElo "2549"]
[BlackElo "2342"]

1.e4 c5 2.Nf3 Nc6 3.d4 cxd4 4.Nxd4 Nf6 5.Nc3 d6 6.Bg5 e6 7.Qd2 Be7 8.O-O-O O-O
9.f4 Nxd4 10.Qxd4 Qa5 11.Bc4 Bd7 12.e5 dxe5 13.fxe5 Bc6 14.Bd2 Nd7 15.Nd5 Qd8
16.Nxe7+ Qxe7 17.Rhe1 Rfd8 18.Bf1 Nf8 19.Qe3 Rd5 20.g3 Qc7 21.c4 Rd7 22.Bb4 b5
23.Bd6 Qb7 24.c5 Bd5 25.Kb1 Qa6 26.Rxd5 exd5 27.Qb3 Qa5 28.Rc1 a6 29.Bg2 Ne6
30.Bxd5 Re8 31.c6 Rdd8 32.c7 Rc8 33.Qc3 b4 34.Qc6 h6 35.Bxe6 Rxe6 36.Rc5 {#r}
1-0

[Event "Ch St. Petersburg (1/2 final)"]
[Site "masterchessopen.com St. Petersburg (Russia)"]
[Round "4"]
[White "Anisimov Pavel (RUS)"]
[Black "Smirnov Artem (RUS)"]
[Result "1-0"]
[WhiteElo "2448"]
[BlackElo "2342"]

1.e4 c5 2.Nf3 Nc6 3.d4 cxd4 4.Nxd4 Nf6 5.Nc3 d6 6.Bg5 e6 7.Qd2 Be7 8.O-O-O O-O
9.f4 Nxd4 10.Qxd4 Qa5 11.Bc4 Bd7 12.e5 dxe5 13.fxe5 Bc6 14.Bd2 Nd7 15.Nd5 Qd8
16.Nxe7+ Qxe7 17.Rhe1 Rfd8 18.Qg4 Nf8 19.Bd3 Rd5 20.Bb4 Qd8 21.Bd6 Ng6 22.Kb1
Qa5 23.Qg3 Qa4 24.Rf1 Rd8 25.Rde1 Rxd3 26.cxd3 Bd5 27.b3 Bxb3 28.Qf2 Bd5
29.Qxf7+ Kh8 30.Re2 Qb5+ 31.Rb2 Qxd3+ 32.Ka1 h6 33.Re1 a5 34.h4 Rg8 35.Qf2 Qc4
36.g3 Qg4 37.Rd2 Qa4 38.h5 Nf8 39.Bxf8 Qc4 40.Bd6 {#r} 1-0

[Event "Ch Israel"]
[Site "masterchessopen.com Tel Aviv (Israel)"]
[Round "8"]
[White "Gershon Alik (ISR)"]
[Black "Vydeslaver Alik (ISR)"]
[Result "1-0"]
[WhiteElo "2571"]
[BlackElo "2431"]

1.e4 c5 2.Nf3 d6 3.d4 cxd4 4.Nxd4 Nf6 5.Nc3 Nc6 6.Bg5 e6 7.Qd2 Be7 8.O-O-O
Nxd4 9.Qxd4 O-O 10.f4 Qa5 11.Kb1 Rd8 12.Be2 Bd7 13.Qe3 h6 14.h4 Rac8 15.Rd3
Qc5 16.Qxc5 Rxc5 17.e5 Bc6 18.Bxf6 gxf6 19.b4 Rxc3 20.Rxc3 dxe5 21.b5 Bd5
22.Rf1 exf4 23.Rxf4 Bd6 24.Ra4 Be5 25.Rd3 Rc8 26.Bf3 Bc4 27.Bxb7 Rc5 28.Rd8+
Kg7 29.Bc6 f5 30.Rxa7 Bc3 31.Be8 Kf6 32.b6 {#r} 1-0

[Event "It (open)"]
[Site "masterchessopen.com Velika Gorica (Croatia)"]
[Round "5"]
[White "Zufic Miroslav (CRO)"]
[Black "Solic Kristina (CRO)"]
[Result "1-0"]
[WhiteElo "2424"]
[BlackElo "2121"]

1.e4 c5 2.Nf3 Nc6 3.d4 cxd4 4.Nxd4 Nf6 5.Nc3 d6 6.Bg5 e6 7.Qd2 Be7 8.O-O-O
Nxd4 9.Qxd4 O-O 10.f4 Qa5 11.Kb1 h6 12.h4 e5 13.Qd3 h5 14.Be2 exf4 15.Bxf4 Ng4
16.Nd5 Re8 17.Rdf1 Bf8 18.Bd2 Qd8 19.Bc3 Be6 20.Nf4 g6 21.Nxe6 Rxe6 22.Bxg4
hxg4 23.Qd4 Re5 24.Qf2 Qe7 25.Bxe5 dxe5 26.h5 Rd8 27.Qd4 {#r} 1-0

[Event "Ch Germany (juniors) (team) (under 16)"]
[Site "masterchessopen.com Winterberg (Germany)"]
[Round "2"]
[White "Kraemer Martin (GER)"]
[Black "Degtiarev Evgeny (GER)"]
[Result "0-1"]
[WhiteElo "2173"]
[BlackElo "2232"]

1.e4 c5 2.Nf3 d6 3.d4 cxd4 4.Nxd4 Nf6 5.Nc3 Nc6 6.Bg5 e6 7.Qd2 Be7 8.O-O-O O-O
9.f4 Nxd4 10.Qxd4 Qa5 11.Bd3 e5 12.Qg1 exf4 13.Bxf4 Be6 14.a3 a6 15.Bd2 Qc7
16.Qf1 Rac8 17.Nd5 Nxd5 18.exd5 Bg4 19.Re1 Bf6 20.Qf4 Bh5 21.Bb4 Bg6 22.Bxg6
fxg6 23.Qe4 Be5 24.Rhf1 Rf6 25.g3 Qb6 26.Rxf6 gxf6 27.Bc3 Qf2 28.Bxe5 fxe5
29.Qe2 Rf8 30.Qxf2 Rxf2 31.h4 Rf3 32.Rg1 Kg7 33.Kd2 Kf6 34.g4 e4 35.Ke2 Ke5
36.c4 Rb3 {#R} 0-1